Statistiken für WM Kader 2022 Schweiz

Klicken Sie hier um das Quiz zu spielen!

Allgemein

  • Dieses Quiz wurde 35 mal gespielt
  • Das Durchschnittsergebnis liegt bei 17 aus 27

Antwortstatistiken

PositionNR.VereinAntwort% Korrekt
GK21BVBGregor Kobel
100%
DF5Manchester CityManuel Akanji
96%
MF23Chicago FireXherdan Shaqiri
92%
GK1Bor. MönchengladbachYann Sommer
92%
ST7AS MonacoBreel Embolo
88%
MF10ArsenalGranit Xhaka
88%
DF22Newcastle UnitedFabian Schär
75%
DF4Bor. MönchengladbachNico Elvedi
75%
MF15Eintracht FrankfurtDjibril Sow
71%
ST9GalatasarayHaris Seferovic
67%
GK12MontpellierJonas Omlin
67%
ST19RB SalzburgNoah Okafor
67%
MF6ChelseaDenis Zakaria
63%
MF8Nottingham ForrestRemo Freuler
63%
DF13TorinoRicardo Rodriguez
58%
ST17AugsburgRuben Vargas
58%
DF3Mainz 05Silvan Widmer
58%
MF20BaselFabian Frei
54%
MF11LuganoRenato Steffen
54%
Coach-SchweizMurat Yakin
50%
MF2Mainz 05Edimilson Fernandes
46%
ST16Young Boys BernChristian Fassnacht
38%
MF14BolognaMichel Aebischer
33%
GK24RB SalzburgPhilipp Köhn
29%
DF18ValenciaEray Cömert
25%
MF25Young Boys BernFabian Rieder
25%
MF26LuzernArdon Jashari
21%

Verteilung der Resultate

Perzentil nach korrekt beantworteten Fragen

Anzahl Personen mit jedem Resultat

Ihre Resultats-Entwicklung

Sie haben dieses Quiz noch nicht gespielt